Chemical specalties domesitic and industrial (Record no. 200720)

MARC details
000 -LEADER
fixed length control field 00379nam a2200145Ia 4500
008 - FIXED-LENGTH DATA ELEMENTS--GENERAL INFORMATION
fixed length control field 230917s9999||||xx |||||||||||||| ||und||
040 ## - CATALOGING SOURCE
-- 116124
Original cataloging agency VIVEKANANDA LIBRARY
041 ## - Language
-- English
082 ## - DDC NUMBER
Classification number 668 C353C V2
100 ## - MAIN ENTRY--PERSONAL NAME
Personal name Chalmers, Law's
245 #0 - TITLE STATEMENT
Title Chemical specalties domesitic and industrial
260 ## - PUBLICATION, DISTRIBUTION, ETC. (IMPRINT)
Place of publication, distribution, etc Great Britain
Name of publisher, distributor, etc George Godwin
Date of publication, distribution, etc 1979
300 ## - PHYSICAL DESCRIPTION
Pages 382p p.
942 ## - ADDED ENTRY ELEMENTS (KOHA)
Koha item type Books
Holdings
Withdrawn status Lost status Damaged status Not for loan Location (home branch) Sublocation or collection (holding branch) Date acquired Koha issues (times borrowed) Koha full call number Accession No. Koha date last seen Koha item type
        VIVEKANANDA LIBRARY VIVEKANANDA LIBRARY 19/06/2008   668 C353C V2 59791 17/09/2023 Books
        VIVEKANANDA LIBRARY VIVEKANANDA LIBRARY 19/06/2008   668 C353C V2 59792 17/09/2023 Books
© Designed and Maintained by Vivekananda Library, MDU Rohtak